00000000nam##2200000za#4500
0019.535626
003CaOODSP
00520200401015633
007ta
008150406|2001||||xxc|||||     f|0| 0 eng|d
020 |a0-660-61733-1
040 |aCaOODSP|beng
041 |aeng
041 |afre
043 |an-cn---
0861 |aBT31-4/76-2001
1101 |aCanada. |bTreasury Board.
24510|aTax Court of Canada
260 |aOttawa - Ontario : |bTreasury Board of Canada Secretariat |c2001.
300 |aEnglish text, 18p. : |btables ; |c28 cm.
4901 |aPerformance report for the period ending March 31, 2001
546 |aBilingual
563 |aSoftcover
590 |a01-46|b2001-11-16
69007|aEstimates|2gcpds
69007|aTaxes|2gcpds
69007|aCourts|2gcpds
7760#|tCour canadienne de l'impôt, rapport sur le rendement pour la période se terminant le 31 mars 2001 |w(CaOODSP)9.600507
7760#|tTax Court of Canada, performance report for the period ending March 31, 2001 |w(CaOODSP)9.569280
792 |tCour canadienne de l'impôt |efre|w(CaOODSP)9.535627
830#0|aPerformance report for the period ending March 31, 2001.|w(CaOODSP)9.508980